000 01216cam a22003497a 4500
003 CHAP
005 20220329134648.0
008 971013s1973 r 00010 d
010 _a23843
011 _a24815
035 _a28915
040 _cCHAP
090 _aFolleto 1726
110 _aComisión Nacional de Fruticultura. México
_925772
245 1 3 _aEl olivo
260 _aMéxico, D. F. :
_b(s.e),
_c1973
300 _a5 p.
490 0 _aComisión Nacional de Fruticultura. México. Hoja de divulgación
_v; 9
590 _aBATCH-UPD
_b10
_c20130110
_lUCH01
_h0026
590 _aBATCH-UPD
_b10
_c20130110
_lUCH01
_h2113
590 _aBATCH-UPD
_b10
_c20130409
_lUCH01
_h2007
590 _aBATCH-UPD
_b10
_c20130914
_lUCH01
_h1017
590 _aCONVERSION
_b10
_c20130109
_lUCH01
_h1314
650 1 4 _aOlivo.
_983127
830 0 _aComisión Nacional de Fruticultura. México. Hoja de divulgación
_v; 9
_925777
901 _aBK
942 _cFOLL
949 _aFolleto 1726
_bBC
_cFOLL
_d-66850
_eTS1
_i28915
_mD
_si
949 _aFolleto 1726
_bBC
_cFOLL
_d-66851
_eTS2
_fc.2
_i28915
_mD
_si
949 _aFolleto 1726
_bBC
_cFOLL
_d-66852
_eTS2
_fc.3
_i28915
_si
949 _aFolleto 1726
_bBC
_cFOLL
_d-66853
_eTS2
_fc.4
_i28915
_si
999 _c23843
_d23843